| 000 | 00555nam a2200205 a 4500 | ||
|---|---|---|---|
| 005 | 20210219153505.0 | ||
| 008 | 991125n 000 0 spa u | ||
| 035 | _aUPN01000102636 | ||
| 100 | _aTALLART FABRE, Juana | ||
| 222 | _aPEDAGOGIA CUBANA | ||
| 245 | _aEl trabajo de orientación profesional | ||
| 300 | _a45-49 | ||
| 362 | _a1989 Año 1, no. 2, jul.-sep. | ||
| 653 | 0 | _aELECCION DE CARRERA | |
| 653 | 0 | _aORIENTACION VOCACIONAL | |
| 653 | 0 | _aVOCACION | |
| 700 | _aMARTI, Jacqueline, coaut. | ||
| 904 |
_aAC _b040447 |
||
| 905 | _aArticulo | ||
| 999 |
_c78259 _d78259 |
||